La contratacin̤ temporal tras las SSTJUE de 14 de septiembre de 2016 Los casos de Diego Porras, Přez Lp̤ez y Martn̕ez Andrš /

Detalles Bibliográficos
Autor principal: Preciado Domňech, Carlos Hugo
Formato: eBook
Lenguaje:español
Publicado: Albacete: Editorial Bomarzo, 2016
Materias:
Acceso en línea:Acceso restringido

MARC

LEADER 00000nam a22000007a 4500
005 20170910231634.0
007 cr|||| ||||
008 170910s2016 es |||||s|||| 00||0 spa d
020 |a 978-84-16608-48-5 
035 |a 20582 
040 |a vLex 
090 |c 6955  |d 6955 
100 1 |a Preciado Domňech, Carlos Hugo 
245 1 2 |a La contratacin̤ temporal tras las SSTJUE de 14 de septiembre de 2016  |h [Recurso electrn̤ico] :  |b Los casos de Diego Porras, Přez Lp̤ez y Martn̕ez Andrš /  |c Carlos Hugo Preciado Domňech 
256 |a Servicio en ln̕ea 
260 |a Albacete:  |b Editorial Bomarzo,  |c 2016 
300 |a 1 recurso electrn̤ico 
506 1 |a Disponible solo en los productos indicados  |d vLex Global  |d vLex Global (Academic Edition, excluding Law Schools)  |d vLex Global (U.S. Academic Edition, Law Schools)  |d vLex Global (U.S. Academic Edition, excluding Law Schools)  |d vLex Global (Academic Edition, Law Schools) 
650 0 4 |a Derecho Laboral y Seguridad Social  |z Espaą 
740 0 |a vLex Libros (Servicio en ln̕ea) 
856 4 0 |u http://vlex.com/source/contratacion-temporal-sstjue-14-septiembre-2016-20582  |z Acceso restringido 
942 |c BOOK 
999 0 |a Labor law and social security